Normal view MARC view

Entry Nombre personal

Number of records used in: 29

001 - NÚMERO DE CONTROL

  • campo de control: 53864

003 - IDENTIFICADOR DE NÚMERO DE CONTROL

  • campo de control: SpMaBN

005 - FECHA Y HORA DE LA ÚLTIMA TRANSACCIÓN

  • campo de control: 20231122162044.0

008 - ELEMENTOS DE DATO DE LONGITUD-FIJA

  • campo de control de longitud fija: 901120nn aijnnaabn********** a*aaa****

008 - ELEMENTOS DE DATO DE LONGITUD-FIJA

  • campo de control de longitud fija: 901120nn aijnnaabn a aaa

016 ## - NÚMERO DE CONTROL DE UNA AGENCIA BIBLIOGRÁFICA NACIONAL

  • Número de control del registro: BNE19900066237

024 7# - IDENTIFICADOR DE OTROS ESTÁNDARES

  • Número estándar o código: http://viaf.org/viaf/76339208/
  • Fuente: viaf

024 8# - IDENTIFICADOR DE OTROS ESTÁNDARES

  • Número estándar o código: https://data.cervantesvirtual.com/person/23

024 7# - IDENTIFICADOR DE OTROS ESTÁNDARES

  • Número estándar o código: https://isni.org/isni/0000000121401012
  • Fuente: isni

024 7# - IDENTIFICADOR DE OTROS ESTÁNDARES

  • Número estándar o código: http://www.wikidata.org/entity/Q706889
  • Fuente: wikidata

040 ## - FUENTE DE CATALOGACIÓN

  • Centro catalogador/agencia de origen: SpMaBN
  • Lengua de catalogación: spa
  • Centro/agencia transcriptor: SpMaBN
  • Normas de descripción: rdc
  • Convención/Normas de encabezamiento de materia/tesauro: embne

046 ## - FECHAS CON CODIFICACIÓN ESPECIAL

  • Fecha de nacimiento: 1865
  • Fecha de la muerte: 1898

100 1# - ENCABEZAMIENTO-NOMBRE DE PERSONA

  • Nombre de persona: Ganivet, Ángel,
  • Fechas asociadas al nombre: 1865-1898

370 ## - LUGAR ASOCIADO

  • Lugar de nacimiento: España, Andalucía, Granada (Provincia), Granada

370 ## - LUGAR ASOCIADO

  • Lugar de fallecimiento: Letonia, Riga

373 ## - GRUPO ASOCIADO

  • Grupo asociado: Ateneo de Madrid
  • Fuente de información: Lista de los socios del Ateneo 1891

374 ## - OCUPACIÓN

  • Ocupación: Poetas
  • Ocupación: Periodistas
  • Ocupación: Sociólogos
  • Ocupación: Escritores
  • Ocupación: Diplomáticos
  • Fuente de información: Wikidata

375 ## - GÉNERO/SEXO

  • Género: Masculino

377 ## - IDIOMA ASOCIADO

  • Término de lengua/lenguaje: Español

400 1# - TRAZADO DE VÉASE--NOMBRE DE PERSONA

  • Nombre de persona: Ganivet, Ángel María,
  • Fechas asociadas al nombre: 1865-1898

400 1# - TRAZADO DE VÉASE--NOMBRE DE PERSONA

  • Nombre de persona: Ganivet García, Ángel,
  • Fechas asociadas al nombre: 1865-1898

670 ## - FUENTE DE DATOS ENCONTRADOS

  • Cita de la fuente: La conquista del reino de Maya por el último conquistador español Pío Cid, 1988
  • Información encontrada: port. (Ángel Ganivet)

670 ## - FUENTE DE DATOS ENCONTRADOS

  • Cita de la fuente: Dic. de literatura española e hispanoamericana, 1993
  • Información encontrada: (Ganivet, Ángel (Granada, 1865-Riga, 1898))

670 ## - FUENTE DE DATOS ENCONTRADOS

  • Cita de la fuente: WWW Wikipedia, 21-10-2022
  • Información encontrada: (Ángel Ganivet García (Granada, 13 de diciembre de 1865-Riga, 29 de noviembre de 1898) fue un escritor y diplomático español. Es considerado por algunos autores un precursor de la generación del 98 y por otros, un miembro de pleno derecho de esta)
  • Identificador Uniforme de Recursos: https://es.wikipedia.org/wiki/%C3%81ngel_Ganivet

670 ## - FUENTE DE DATOS ENCONTRADOS

  • Cita de la fuente: WWW BN España aut., 22/11/2023
  • Información encontrada: (Ganivet, Ángel, 1865-1898)

678 ## - DATOS BIOGRÁFICOS O HISTÓRICOS

  • Datos biográficos o históricos: Socio del Ateneo de Madrid n. 5690
  • Ampliación de la nota: Fuente: Lista de los socios del Ateneo 1891

856 4# - LOCALIZACIÓN Y ACCESO ELECTRÓNICOS

  • Identificador Uniforme de Recursos: http://escritores.bne.es/web/authors/angel-ganivet-1865-1898/
  • Texto de enlace: Escritores en la BNE